History of Christianity in Asia Trivia - Statistics

General Stats
  • This quiz has been taken 89 times
    81 since last reset
  • The average score is 7 of 43
Answer Stats
Hint Answer % Correct
The first nation to have converted to Christianity, in 301 AD Armenia
81%
Former Portuguese colony in India which became a center of Catholic missions in Asia Goa
57%
Newly independent nation that is 98% Catholic Timor-Leste
45%
City where the term "Christian" was first coined Antioch
36%
Ethnic group associated with the Church of the East Assyrian
36%
Christian-majority state in Myanmar Chin
36%
Term referring to Lebanese Catholics Maronite
32%
Muslim country believed to have the fastest growing Christian population in the 21st century Iran
30%
Country which sends out the second most missionaries in the world after the United States South Korea
30%
Most Christians in Pakistan speak this language Punjabi
26%
Jesuit saint known as the "Apostle of the Indies," "Apostle of the Far East" and "Apostle of Japan" Francis Xavier
23%
Emperor of the previously mentioned kingdom and self-proclaimed younger brother of Jesus Hong Xiuquan
23%
City and island known as the birthplace of Catholicism in the Philippines Cebu
21%
City that was the seat of the Church of the East after the Muslim conquest Baghdad
19%
Christian Arab Kingdom which allied with the Byzantines against the Sassanids Ghassanids
19%
Island in the Indian Ocean reportedly evangelized by St. Thomas, which adhered to the Church of the East until it was conquered by Muslims in the 16th century Socotra
19%
19th century Christian kingdom established in China following an uprising Taiping Heavenly Kingdom
19%
Indian state known as "the only predominantly Baptist state in the world" Nagaland
17%
Most spoken language among Christians in India Malayalam
15%
Christian Arab Kingdom which allied with the Sassanids against the Byzantines Lakhmids
13%
Central Asian city in modern Turkmenistan that was a center of Christian learning Merv
13%
City that was the seat of the Church of the East under Sassanian rule Ctesiphon
11%
Missionary responsible for converting the above nation to Christianity Gregory the Illuminator
11%
Catholic peasant uprising against the Tokugawa Shogunate in Japan Shimabara Rebellion
11%
Country where between 130,000 and 300,000 Christians were martyred between the 18th and 19th centuries Vietnam
11%
Christian-majority region of Indonesia with an active independence movement West Papua
11%
Term referring to the St. Thomas Christian community of southern India Nasrani
9%
Coastal city that is 15-20% Christian and known as "China's Jerusalem" Wenzhou
9%
Arab king of Edessa who according to legend wrote a letter to Jesus Abgar V
6%
City once known as the Jerusalem of the East, home to a 1907 Protestant Revival Pyongyang
6%
First Christian missionary to China, who arrived in the Tang Dynasty in 635 AD Alopen
4%
The 16 year old leader of the previously mentioned uprising Amakusa Shiro
4%
Term for the Hidden Christians of Japan Kakure Kirishitan
4%
Mongol tribe which converted to Christianity in the 11th century Keraites
4%
Patron saint of the Philippines, who was martyred in Japan Lorenzo Ruiz
4%
Region of Arabia home to a large number of Christians under the Ethiopian Empire Najran
4%
Sri Lankan city which is the center of Sinhalese Catholicism, and was targeted in the 2019 Easter Sunday Attacks Negombo
4%
Iranian language responsible for much of the Gospel translation along the Silk Road Sogdian
4%
Confucian scholar who converted to Catholicism and was friends with Matteo Ricci Xu Guangqi
4%
New religious movement which believes Jesus has returned as a Chinese woman Eastern Lightning
2%
Ethnic group in Yunnan which is the only majority Protestant ethnic group in China Lisu
2%
Mongol Empress who was a devout Christian from the previously mentioned tribe, mother of Kublai Khan Sorghaghtani Beki
2%
Chinese-born Turk who became the patriarch of the Church of the East Yahballaha III / Rabban Markos
2%
No matching quizzes found
Score Distribution
Percent of People with Each Score
Percentile by Number Answered
Your Score History
You have not taken this quiz since the last reset